00857cam a22002411 4500001001300000003000400013005001700017008004100034010002300075040003300098043001200131050002200143082001100165100003400176245013600210260002300346300004600369490003500415504003100450650003300481700006200514830003900576gs 53000057 DLC20260227111359.0770317s1952 dcuab b f00010 eng c ags 53000057 //r862 aU.S. Geol. Survey. Libr.cak an-us-ak0 aQE75b.C5 no. 207 a553.4910aMoxham, Robert Morgan,d1919-00aReconnaissance for radioactive deposits in the southern Cook Inlet region, Alaska, 1949,cby Robert M. Moxham and Arthur E. Nelson.0 aWashington,c1952. aiii, 7 p.bmaps (1 fold.) tables.c27 cm.1 aGeological Survey circular 207 aBibliographical footnotes. 0aGeologyzAlaskazCook Inlet.10aNelson, Arthur E.q(Arthur Edward),d1922-ejoint author. 0aGeological Survey circular ;v207.